Statistics for Speed typing #5

Click here to take the quiz!

General Stats

  • This quiz has been taken 34 times
  • The average score is 9 of 10

Answer Stats

HintAnswer% Correct
If you do, good for you.If you do, good for you.
100%
In this typing quiz, you will be given 10 sentences.In this typing quiz, you will be given 10 sentences.
100%
Today, you are taking a typing quiz.Today, you are taking a typing quiz.
100%
Your goal is to type all these correctly.Your goal is to type all these correctly.
100%
You can also create your own typing quiz, like this one.You can also create your own typing quiz, like this one.
96%
It's really not that hard, I can say by experience.It's really not that hard, I can say by experience.
89%
But first, focus on doing this quiz.But first, focus on doing this quiz.
86%
Almost there, come on!Almost there, come on!
82%
It will help you to make your own.It will help you to make your own.
75%
Good job! Now create your own quiz, using not the exact style that I used, but something that suits you a bit better.Good job! Now create your own quiz, using not the exact style that I used, but something that suits you a bit better.
50%

Score Distribution

Percentile by Number Answered

Percent of People with Each Score

Your Score History

You have not taken this quiz